[Event "Bunratty Masters 2019"]
[Site "Bunratty IRL"]
[Date "2019.02.23"]
[Round "3.24"]
[White "Fox, Anthony"]
[Black "O'Neill, Paul"]
[Result "1-0"]
[WhiteElo "2041"]
[BlackElo "2012"]
[WhiteICU "2027"]
[BlackICU "1988"]
[WhiteClub "Dun Laoghaire"]
[BlackClub "Elm Mount"]
[WhiteNationality "IRL"]
[BlackNationality "IRL"]
[WhiteFideId "2500736"]
[BlackFideId "2507692"]
[PlyCount "131"]
[EventDate "2019.02.22"]
[Source "Live boards / tournament organizers"]

{ Event information: <a
href="https://www.irlchess.com/bunratty2019_allfiles/pairings_bunratty2019.html">Tournament
report</a>. }

1. e4 d5 2. exd5 Nf6 3. Nf3 Bg4 4. Be2 g6 5. d4 Qxd5 6. c4 Qf5 7. Nc3 Bg7
8. O-O O-O 9. h3 Bxf3 10. Bxf3 c6 11. Re1 Re8 12. Be3 Na6 13. a3 Rad8 14.
Qb3 Qc8 15. Rad1 b6 16. Qa4 c5 17. d5 h5 18. Nb5 Rd7 19. Qc2 Nb8 20. Bf4 a6
21. Nc3 Nh7 22. h4 Nf8 23. Be5 e6 24. Bxg7 Kxg7 25. Ne4 exd5 26. cxd5 Nh7
27. Qc3+ Kg8 28. Nf6+ Nxf6 29. Qxf6 Rxe1+ 30. Rxe1 Qd8 31. Qe5 a5 32. g3
Na6 33. Qe8+ Qxe8 34. Rxe8+ Kg7 35. Ra8 Nc7 36. Ra7 Re7 37. d6 Re1+ 38. Kg2
Ne6 39. Rb7 Kf6 40. Rxb6 Rb1 41. Rb7 c4 42. Bd5 Rd1 43. Bxc4 Rxd6 44. Ra7
Rb6 45. b3 Nd4 46. Rxf7+ Ke5 47. Ra7 Nxb3 48. Bxb3 Rxb3 49. Rxa5+ Kf6 50.
a4 Ra3 51. Ra6+ Kg7 52. a5 Kh7 53. Ra7+ Kg8 54. a6 Kh8 55. Kf1 Ra2 56. Ke1
Kg8 57. Kd1 Kh8 58. Kc1 Rxf2 59. Rb7 Rf1+ 60. Kd2 Rf2+ 61. Ke3 Ra2 62. a7
Ra3+ 63. Kf2 Ra2+ 64. Kf3 Ra3+ 65. Kg2 Ra2+ 66. Kh3 1-0

[Event "Bunratty Masters 2019"]
[Site "Bunratty IRL"]
[Date "2019.02.23"]
[Round "3.25"]
[White "Byrne, Alex"]
[Black "Fegan, Chris"]
[Result "0-1"]
[WhiteElo "1967"]
[BlackElo "2024"]
[WhiteICU "1961"]
[WhiteClub "St. Benildus"]
[BlackClub "4NCL C.S.C. ENG"]
[WhiteNationality "IRL"]
[BlackNationality "ENG"]
[WhiteFideId "2508788"]
[BlackFideId "410047"]
[PlyCount "60"]
[EventDate "2019.02.22"]
[Source "Live boards / tournament organizers"]

{ Event information: <a
href="https://www.irlchess.com/bunratty2019_allfiles/pairings_bunratty2019.html">Tournament
report</a>. }

1. e4 e5 2. Nf3 Nc6 3. Bc4 Bc5 4. c3 Nf6 5. d3 O-O 6. a4 a5 7. Be3 Qe7 8.
h3 Bxe3 9. fxe3 Qc5 10. Qe2 d5 11. exd5 Nxd5 12. d4 exd4 13. cxd4 Qb4+ 14.
Nbd2 Be6 15. Bxd5 Bxd5 16. O-O Rae8 17. Qd3 Qe7 18. Rae1 Nb4 19. Qc3 Bc6
20. Qb3 Qd7 21. Ne5 Rxe5 22. dxe5 Qxd2 23. e4 Nd3 24. Rd1 Qe3+ 25. Kh2 Qxe4
26. Rd2 Qxe5+ 27. g3 Nc5 28. Qc4 Ne4 29. Rd3 Qxb2+ 30. Kg1 Nd6 0-1

[Event "Bunratty Masters 2019"]
[Site "Bunratty IRL"]
[Date "2019.02.23"]
[Round "3.26"]
[White "Fehr, Jukka"]
[Black "Keogh, Eamon"]
[Result "1-0"]
[BlackTitle "NM"]
[WhiteElo "1976"]
[BlackElo "1929"]
[BlackICU "1908"]
[WhiteClub "JoeSK FIN"]
[BlackClub "Kilkenny"]
[WhiteNationality "FIN"]
[BlackNationality "IRL"]
[WhiteFideId "4674693"]
[BlackFideId "2500264"]
[PlyCount "59"]
[EventDate "2019.02.22"]
[Source "Live boards / tournament organizers"]

{ Event information: <a
href="https://www.irlchess.com/bunratty2019_allfiles/pairings_bunratty2019.html">Tournament
report</a>. }

1. c4 d6 2. d4 f5 3. Nf3 Nf6 4. g3 e6 5. Bg2 Be7 6. Nc3 O-O 7. O-O Qe8 8.
Re1 Ne4 9. Nd2 Nxc3 10. bxc3 Nd7 11. Rb1 c6 12. e4 f4 13. Bh3 e5 14. Nf3
Qh5 15. Bg2 Nb6 16. c5 dxc5 17. Nxe5 Qxd1 18. Rxd1 cxd4 19. cxd4 fxg3 20.
hxg3 Be6 21. a4 Rab8 22. d5 cxd5 23. a5 Na4 24. exd5 Bf5 25. Ra1 Nc3 26.
Re1 Bc5 27. Be3 Rbc8 28. g4 Bxe3 29. Rxe3 Bg6 30. d6 1-0

[Event "Bunratty Masters 2019"]
[Site "Bunratty IRL"]
[Date "2019.02.23"]
[Round "4.1"]
[White "McShane, Luke"]
[Black "Short, Nigel"]
[Result "1/2-1/2"]
[WhiteTitle "GM"]
[BlackTitle "GM"]
[WhiteElo "2663"]
[BlackElo "2648"]
[WhiteClub "Wood Green ENG"]
[BlackClub "Guildford ENG"]
[WhiteNationality "ENG"]
[BlackNationality "ENG"]
[WhiteFideId "404853"]
[BlackFideId "400025"]
[PlyCount "73"]
[EventDate "2019.02.22"]
[Source "Live boards / tournament organizers"]
[ICUid "48717"]

{ Annotator: "TA", <a
href="https://en.chessbase.com/post/bunratty-chess-festival-2019">ChessBase.com</a>,
February 26, 2019. } { Event information: <a
href="https://www.irlchess.com/bunratty2019_allfiles/pairings_bunratty2019.html">Tournament
report</a>. }

1. e4 e5 2. Nf3 Nc6 3. Bb5 a6 4. Ba4 Nf6 5. d3 d6 6. c3 g6 7. O-O Bg7 8.
Re1 O-O 9. Nbd2 Re8 10. Nf1 h6 11. h3 b5 12. Bc2 d5 13. a4 Bb7 14. b4 Nb8
15. Ng3 Nbd7 16. Be3 Qe7 17. Qb1 dxe4 18. dxe4 Nb6 19. Nd2 Nxa4 20. Bxa4
bxa4 21. Rxa4 h5 22. Ra5 Qe6 23. Nf3 Nh7 24. Nf1 Rad8 25. N1d2 f5 26. exf5
gxf5 27. Bf4 Qg6 28. Qa2+ Kh8 29. Rexe5 Bxe5 30. Bxe5+ Rxe5 31. Rxe5 Ng5
32. Nh4 Nxh3+ 33. Kh2 Qg4 34. Qe6 Qxh4 35. Qh6+ Kg8 36. Qg6+ Kh8 37. Qh6+
1/2-1/2

[Event "Bunratty Masters 2019"]
[Site "Bunratty IRL"]
[Date "2019.02.23"]
[Round "4.2"]
[White "Turner, Matthew"]
[Black "Howell, David"]
[Result "1-0"]
[WhiteTitle "GM"]
[BlackTitle "GM"]
[WhiteElo "2519"]
[BlackElo "2689"]
[WhiteClub "Barbican ENG"]
[BlackClub "Cheddleton ENG"]
[WhiteNationality "SCO"]
[BlackNationality "ENG"]
[WhiteFideId "402893"]
[BlackFideId "410608"]
[PlyCount "111"]
[EventDate "2019.02.22"]
[Source "Live boards / tournament organizers"]
[ICUid "48718"]

{ Annotator: "TA", <a
href="https://en.chessbase.com/post/bunratty-chess-festival-2019">ChessBase.com</a>,
February 26, 2019. } { Event information: <a
href="https://www.irlchess.com/bunratty2019_allfiles/pairings_bunratty2019.html">Tournament
report</a>. }

1. d4 Nf6 2. Bg5 d5 3. Nd2 c5 4. dxc5 Qa5 5. Bxf6 gxf6 6. e3 Nc6 7. Nf3
Qxc5 8. a3 Rg8 9. g3 Bg4 10. h3 Bh5 11. g4 Bg6 12. c4 dxc4 13. Bxc4 O-O-O
14. Rc1 Qb6 15. Qb3 Qxb3 16. Nxb3 Kb8 17. Ke2 e6 18. Bb5 Ne5 19. Nxe5 fxe5
20. Rhd1 Rxd1 21. Rxd1 a6 22. Bd3 e4 23. Bb1 Bg7 24. Nc5 Bxb2 25. Rd7 Bxa3
26. Rxb7+ Kc8 27. Ra7 Kb8 28. Rb7+ Ka8 29. Rc7 Bxc5 30. Rxc5 Kb7 31. h4 h6
32. Re5 Kc6 33. h5 Kd6 34. Ra5 Bh7 35. Rxa6+ Ke7 36. Ba2 Kf6 37. f3 exf3+
38. Kxf3 Bc2 39. Rd6 Rc8 40. Rd2 Rc7 41. Rd8 Kg5 42. Rg8+ Kh4 43. Rd8 Ba4
44. Rd4 Ra7 45. Kf4 Ra5 46. Rd2 e5+ 47. Kf5 Ra7 48. g5 hxg5 49. h6 f6 50.
h7 Rxh7 51. Rh2+ Kg3 52. Rxh7 Bc2+ 53. e4 g4 54. Rg7 Bd1 55. Bf7 Kh4 56.
Bh5 1-0

[Event "Bunratty Masters 2019"]
[Site "Bunratty IRL"]
[Date "2019.02.23"]
[Round "4.3"]
[White "Hebden, Mark"]
[Black "Heidenfeld, Mark"]
[Result "1-0"]
[WhiteTitle "GM"]
[BlackTitle "IM"]
[WhiteElo "2417"]
[BlackElo "2358"]
[BlackICU "2293"]
[WhiteClub "Syston ENG"]
[BlackClub "Kilkenny"]
[WhiteNationality "ENG"]
[BlackNationality "IRL"]
[WhiteFideId "400084"]
[BlackFideId "2500990"]
[PlyCount "69"]
[EventDate "2019.02.22"]
[Source "Live boards / tournament organizers"]
[ICUid "48716"]

{ Event information: <a
href="https://www.irlchess.com/bunratty2019_allfiles/pairings_bunratty2019.html">Tournament
report</a>. }

1. d4 d6 2. e4 e5 3. Nf3 Nc6 4. Bb5 Bd7 5. Nc3 exd4 6. Nxd4 Nge7 7. Be3
Nxd4 8. Qxd4 Bxb5 9. Nxb5 a6 10. Nc3 Nc6 11. Qd2 Be7 12. O-O-O Qd7 13. Nd5
O-O 14. g4 Rfe8 15. f3 b5 16. h4 Ne5 17. Qg2 Nc4 18. Bg5 f6 19. Bf4 c6 20.
Ne3 Nxe3 21. Bxe3 Qe6 22. Kb1 d5 23. Bc1 dxe4 24. Rhe1 exf3 25. Qxf3 Qc8
26. g5 f5 27. Re5 Bf8 28. Rxf5 Qe6 29. h5 Be7 30. g6 Rf8 31. Rxf8+ Rxf8 32.
Qg3 hxg6 33. hxg6 Rf6 34. Re1 Qd6 35. Qh4 1-0

[Event "Bunratty Masters 2019"]
[Site "Bunratty IRL"]
[Date "2019.02.23"]
[Round "4.4"]
[White "Hunt, Adam"]
[Black "Collins, Sam"]
[Result "1-0"]
[WhiteTitle "IM"]
[BlackTitle "IM"]
[WhiteElo "2397"]
[BlackElo "2429"]
[BlackICU "2399"]
[WhiteClub "Blackthorne Russia ENG"]
[BlackClub "Gonzaga"]
[WhiteNationality "ENG"]
[BlackNationality "IRL"]
[WhiteFideId "403970"]
[BlackFideId "2501198"]
[PlyCount "97"]
[EventDate "2019.02.22"]
[Source "Live boards / tournament organizers"]
[ICUid "48719"]

{ Annotator: "TA", <a
href="https://en.chessbase.com/post/bunratty-chess-festival-2019">ChessBase.com</a>,
February 26, 2019. } { Event information: <a
href="https://www.irlchess.com/bunratty2019_allfiles/pairings_bunratty2019.html">Tournament
report</a>. }

1. e4 e5 2. Nf3 Nc6 3. Bb5 a6 4. Ba4 Nf6 5. O-O Be7 6. Re1 b5 7. Bb3 d6 8.
c3 O-O 9. h3 Bb7 10. d4 Nd7 11. Nbd2 exd4 12. cxd4 Bf6 13. Nf1 Na5 14. Bc2
Re8 15. Ng3 g6 16. Bf4 c5 17. Rb1 Nc4 18. b3 Na3 19. Rc1 Nxc2 20. Rxc2 Qb6
21. d5 a5 22. Nh2 a4 23. Ng4 Bg7 24. Bh6 axb3 25. axb3 Bd4 26. Be3 Bg7 27.
Bh6 Bd4 28. Be3 Bh8 29. Bd2 Ra1 30. Rc1 Rxc1 31. Qxc1 Ne5 32. Nxe5 Bxe5 33.
Bc3 Bxc3 34. Qxc3 b4 35. Qd2 Qd8 36. Ra1 h5 37. Qf4 Kg7 38. Ra7 Qb6 39. Ra1
Ra8 40. Rxa8 Bxa8 41. Qg5 Kh7 42. Qf6 Qc7 43. Nf1 Bb7 44. Ne3 Ba6 45. e5 c4
46. exd6 Qd7 47. Qe7 Bb5 48. Qxd7 Bxd7 49. Nxc4 1-0

[Event "Bunratty Masters 2019"]
[Site "Bunratty IRL"]
[Date "2019.02.23"]
[Round "4.5"]
[White "Pein, Malcolm"]
[Black "Williams, Simon"]
[Result "0-1"]
[WhiteTitle "IM"]
[BlackTitle "GM"]
[WhiteElo "2313"]
[BlackElo "2471"]
[WhiteClub "Wood Green ENG"]
[BlackClub "Cheddleton ENG"]
[WhiteNationality "ENG"]
[BlackNationality "ENG"]
[WhiteFideId "400289"]
[BlackFideId "468533"]
[PlyCount "40"]
[EventDate "2019.02.22"]
[Source "Live boards / tournament organizers"]
[ICUid "48715"]

{ Annotator: "TA", <a
href="https://en.chessbase.com/post/bunratty-chess-festival-2019">ChessBase.com</a>,
February 26, 2019. } { Event information: <a
href="https://www.irlchess.com/bunratty2019_allfiles/pairings_bunratty2019.html">Tournament
report</a>. }

1. e4 e6 2. d4 d5 3. Nc3 Nf6 4. e5 Nfd7 5. f4 c5 6. Nf3 Nc6 7. Be3 Be7 8.
Qd2 O-O 9. Be2 b6 10. O-O-O c4 11. f5 b5 12. fxe6 fxe6 13. Nxb5 Nb4 14. Bg5
Rb8 15. Nc3 Qb6 16. b3 Nxa2+ 17. Nxa2 Ba3+ 18. Kb1 cxb3 19. Nc3 Ba6 20.
Bxa6 Qxa6 0-1

[Event "Bunratty Masters 2019"]
[Site "Bunratty IRL"]
[Date "2019.02.23"]
[Round "4.6"]
[White "Connell, Blair"]
[Black "Lopez, Alex"]
[Result "0-1"]
[BlackTitle "IM"]
[WhiteElo "2239"]
[BlackElo "2427"]
[BlackICU "2464"]
[WhiteClub "Battersea ENG"]
[BlackClub "Cork"]
[WhiteNationality "ENG"]
[BlackNationality "IRL"]
[WhiteFideId "403725"]
[BlackFideId "2501430"]
[PlyCount "100"]
[EventDate "2019.02.22"]
[Source "Live boards / tournament organizers"]
[ICUid "48720"]

{ Annotator: "TA", <a
href="https://en.chessbase.com/post/bunratty-chess-festival-2019">ChessBase.com</a>,
February 26, 2019. } { Event information: <a
href="https://www.irlchess.com/bunratty2019_allfiles/pairings_bunratty2019.html">Tournament
report</a>. }

1. d4 Nf6 2. Nc3 d5 3. Bf4 Bf5 4. e3 e6 5. f3 c5 6. g4 Bg6 7. Nb5 Na6 8. c3
Be7 9. h4 h6 10. Bg3 O-O 11. Nh3 Ne8 12. Nf4 Bh7 13. g5 hxg5 14. hxg5 Bxg5
15. Bd3 g6 16. Qe2 cxd4 17. exd4 Kg7 18. Qh2 Rh8 19. Kf2 Kg8 20. Rae1 Bf6
21. Ng2 Nb8 22. Ne3 a6 23. Nc7 Nxc7 24. Bxc7 Qf8 25. Ng4 Bg7 26. Bd6 Qd8
27. Be5 Nd7 28. Bxg7 Kxg7 29. Qh6+ Kg8 30. Qf4 Qe7 31. Qc7 Kg7 32. Qh2 Qg5
33. Re2 Rac8 34. Qd6 Nf6 35. Nxf6 Qxf6 36. Qh2 Kf8 37. Qd6+ Kg7 38. Qh2 Kf8
39. Qd6+ Kg7 40. Ree1 g5 41. Bxh7 Rxh7 42. Rxh7+ Kxh7 43. Rh1+ Kg7 44. Qh2
Rg8 45. Qc7 g4 46. f4 Qf5 47. Qe5+ Kg6 48. Kg3 f6 49. Qc7 Qd3+ 50. Kxg4 f5+
0-1

[Event "Bunratty Masters 2019"]
[Site "Bunratty IRL"]
[Date "2019.02.23"]
[Round "4.7"]
[White "Li, Henry"]
[Black "Lalic, Bogdan"]
[Result "1/2-1/2"]
[WhiteTitle "FM"]
[BlackTitle "GM"]
[WhiteElo "2287"]
[BlackElo "2406"]
[WhiteICU "2232"]
[WhiteClub "Gonzaga"]
[BlackClub "Wood Green ENG"]
[WhiteNationality "IRL"]
[BlackNationality "CRO"]
[WhiteFideId "2508524"]
[BlackFideId "409081"]
[PlyCount "27"]
[EventDate "2019.02.22"]
[Source "Live boards / tournament organizers"]
[BlackFullName "Lali&#263;, Bogdan"]

{ Event information: <a
href="https://www.irlchess.com/bunratty2019_allfiles/pairings_bunratty2019.html">Tournament
report</a>. }

1. e4 c6 2. d4 d5 3. exd5 cxd5 4. c4 Nf6 5. Nc3 Nc6 6. cxd5 Nxd5 7. Bc4 Nb6
8. Bb5 e6 9. Nf3 Be7 10. O-O O-O 11. Re1 Bd7 12. a3 Nd5 13. Nxd5 exd5 14.
Bf4 1/2-1/2

[Event "Bunratty Masters 2019"]
[Site "Bunratty IRL"]
[Date "2019.02.23"]
[Round "4.8"]
[White "Carroll, Peter"]
[Black "Wells, Peter"]
[Result "0-1"]
[BlackTitle "GM"]
[WhiteElo "1953"]
[BlackElo "2415"]
[WhiteICU "2010"]
[WhiteClub "Gonzaga"]
[BlackClub "White Rose ENG"]
[WhiteNationality "IRL"]
[BlackNationality "ENG"]
[WhiteFideId "2510243"]
[BlackFideId "400327"]
[PlyCount "38"]
[EventDate "2019.02.22"]
[Source "Live boards / tournament organizers"]

{ Event information: <a
href="https://www.irlchess.com/bunratty2019_allfiles/pairings_bunratty2019.html">Tournament
report</a>. }

1. e4 c5 2. d4 cxd4 3. c3 dxc3 4. Nxc3 Nc6 5. Nf3 d6 6. Bc4 a6 7. a4 Nf6 8.
O-O Bg4 9. Qe2 Rc8 10. Rd1 e6 11. Bf4 Nh5 12. Be3 Ne5 13. Bb3 Bxf3 14. gxf3
Qf6 15. Kg2 Be7 16. a5 O-O 17. Na4 Rfd8 18. Nb6 Rc5 19. Rdc1 Ng6 0-1

[Event "Bunratty Masters 2019"]
[Site "Bunratty IRL"]
[Date "2019.02.23"]
[Round "4.9"]
[White "Bates, Richard"]
[Black "O'Gorman, Tom"]
[Result "1-0"]
[WhiteTitle "IM"]
[BlackTitle "FM"]
[WhiteElo "2351"]
[BlackElo "2248"]
[BlackICU "2211"]
[WhiteClub "Hackney ENG"]
[BlackClub "Dun Laoghaire"]
[WhiteNationality "ENG"]
[BlackNationality "IRL"]
[WhiteFideId "403555"]
[BlackFideId "2508249"]
[PlyCount "61"]
[EventDate "2019.02.22"]
[Source "Live boards / tournament organizers"]

{ Event information: <a
href="https://www.irlchess.com/bunratty2019_allfiles/pairings_bunratty2019.html">Tournament
report</a>. }

1. d4 Nf6 2. Nf3 g6 3. g3 Bg7 4. Bg2 O-O 5. c4 d6 6. O-O Nc6 7. Nc3 a6 8.
b3 Rb8 9. d5 Na5 10. Bg5 c5 11. dxc6 Nxc6 12. Rc1 Bd7 13. Nd5 Nxd5 14. cxd5
Ne5 15. Qd2 Re8 16. Nd4 Qb6 17. Rfd1 Rbc8 18. Rxc8 Bxc8 19. h3 a5 20. Be3
Qa6 21. a4 b6 22. Rc1 Nd7 23. Rc7 Nc5 24. Nc6 Bd7 25. Bxc5 Bxc6 26. Bd4
Bxd4 27. Qxd4 Bb7 28. e4 e5 29. Qe3 Rd8 30. Bf1 Qa7 31. Qg5 1-0

[Event "Bunratty Masters 2019"]
[Site "Bunratty IRL"]
[Date "2019.02.23"]
[Round "4.10"]
[White "Fitzsimons, David"]
[Black "Wallace, Paul"]
[Result "1-0"]
[WhiteTitle "IM"]
[WhiteElo "2301"]
[BlackElo "2151"]
[WhiteICU "2314"]
[BlackICU "2163"]
[WhiteClub "Elm Mount"]
[BlackClub "Kilkenny"]
[WhiteNationality "IRL"]
[BlackNationality "IRL"]
[WhiteFideId "2501961"]
[BlackFideId "2500892"]
[PlyCount "55"]
[EventDate "2019.02.22"]
[Source "Live boards / tournament organizers"]

{ Event information: <a
href="https://www.irlchess.com/bunratty2019_allfiles/pairings_bunratty2019.html">Tournament
report</a>. }

1. e4 e5 2. Nf3 Nc6 3. Bc4 Nf6 4. d3 Bc5 5. O-O d6 6. c3 a6 7. Bb3 Ba7 8.
Nbd2 O-O 9. h3 Ne7 10. Re1 Ng6 11. Nf1 Be6 12. Ng3 Qd7 13. d4 Bxb3 14. Qxb3
h6 15. Be3 Rfe8 16. Qc2 c6 17. Rad1 Qc7 18. Nf5 exd4 19. Bxh6 d5 20. e5 Ne4
21. cxd4 gxh6 22. Nxh6+ Kf8 23. Qc1 Re6 24. Rxe4 dxe4 25. Ng5 Rae8 26. Nf5
Rxe5 27. Nh7+ Kg8 28. Nf6+ 1-0

[Event "Bunratty Masters 2019"]
[Site "Bunratty IRL"]
[Date "2019.02.23"]
[Round "4.11"]
[White "Baburin, Alexander"]
[Black "McMorrow, John"]
[Result "1-0"]
[WhiteTitle "GM"]
[WhiteElo "2432"]
[BlackElo "2052"]
[WhiteICU "2433"]
[BlackICU "1997"]
[WhiteClub "Kilkenny"]
[BlackClub "Gonzaga"]
[WhiteNationality "IRL"]
[BlackNationality "IRL"]
[WhiteFideId "2500914"]
[BlackFideId "2501481"]
[PlyCount "81"]
[EventDate "2019.02.22"]
[Source "Live boards / tournament organizers"]

{ Event information: <a
href="https://www.irlchess.com/bunratty2019_allfiles/pairings_bunratty2019.html">Tournament
report</a>. }

1. d4 d5 2. c4 e6 3. Nf3 Nf6 4. g3 Be7 5. Bg2 O-O 6. O-O Nbd7 7. Qc2 c6 8.
b3 Ne4 9. Bb2 f5 10. Ba3 Bxa3 11. Nxa3 f4 12. e3 fxe3 13. fxe3 Qe7 14. Qb2
Ndf6 15. Ne5 Bd7 16. Nc2 Be8 17. Ne1 Bh5 18. N1d3 g5 19. b4 Rac8 20. Rac1
Rc7 21. a4 Rfc8 22. Bh3 dxc4 23. Nxc4 Nd5 24. Nc5 Nxc5 25. dxc5 g4 26. Qe5
gxh3 27. Qxh5 Qe8 28. Qxh3 Qg6 29. Ne5 Qe8 30. e4 Nxb4 31. Rf6 Rg7 32. Rxe6
Qf8 33. Rf6 Qxf6 34. Qxc8+ Qf8 35. Qe6+ Kh8 36. Rf1 Qxc5+ 37. Kh1 h5 38.
Ng6+ Kh7 39. Nf8+ Kh8 40. Qh6+ Kg8 41. Qxg7+ 1-0

[Event "Bunratty Masters 2019"]
[Site "Bunratty IRL"]
[Date "2019.02.23"]
[Round "4.12"]
[White "Voiteanu, Gabriel"]
[Black "O'Donnell, Conor"]
[Result "0-1"]
[WhiteTitle "FM"]
[BlackTitle "FM"]
[WhiteElo "2121"]
[BlackElo "2377"]
[BlackICU "2342"]
[BlackClub "Gonzaga"]
[WhiteNationality "ROU"]
[BlackNationality "IRL"]
[WhiteFideId "1208810"]
[BlackFideId "2504243"]
[PlyCount "102"]
[EventDate "2019.02.22"]
[Source "Live boards / tournament organizers"]

{ Event information: <a
href="https://www.irlchess.com/bunratty2019_allfiles/pairings_bunratty2019.html">Tournament
report</a>. }

1. d4 e6 2. g3 c5 3. Nf3 d5 4. Bg2 cxd4 5. Nxd4 e5 6. Nf3 Nc6 7. O-O Be7 8.
c4 d4 9. e3 Be6 10. Qa4 Qd7 11. exd4 exd4 12. Rd1 Rd8 13. Nc3 d3 14. Nd5
Bxd5 15. cxd5 Qxd5 16. Ne1 Qe6 17. Nxd3 Nf6 18. Re1 Qg4 19. Bxc6+ bxc6 20.
Qxc6+ Kf8 21. Ne5 Qf5 22. Qc4 Nd5 23. Nc6 Re8 24. Re5 Nb6 25. Qd4 Qd7 26.
Qe4 Bf6 27. Rxe8+ Qxe8 28. Qxe8+ Kxe8 29. Nxa7 Kd7 30. Be3 Nc4 31. Rd1+ Ke6
32. Bd4 Nxb2 33. Re1+ Kf5 34. Nb5 Ra8 35. Nd6+ Kg6 36. Bxf6 Kxf6 37. Re2
Nd3 38. Rd2 Nc1 39. Ne4+ Kf5 40. Nc3 Ra3 41. Ne2 Nxa2 42. f4 Kf6 43. Rd6+
Ke7 44. Rb6 Nc3 45. Nd4 Ra8 46. Nf5+ Kf8 47. Rc6 Nd5 48. Rd6 Ne7 49. Nd4
Ke8 50. Nb5 Ra1+ 51. Kg2 Nf5 0-1

[Event "Bunratty Masters 2019"]
[Site "Bunratty IRL"]
[Date "2019.02.23"]
[Round "4.13"]
[White "Vicas, Marijus"]
[Black "O'Flaherty, Kevin"]
[Result "1-0"]
[WhiteElo "2212"]
[BlackElo "1872"]
[WhiteICU "2324"]
[BlackICU "1815"]
[WhiteClub "Gonzaga"]
[BlackClub "Univ. of Limerick"]
[WhiteNationality "LTU"]
[BlackNationality "IRL"]
[WhiteFideId "12804541"]
[BlackFideId "2502283"]
[PlyCount "91"]
[EventDate "2019.02.22"]
[Source "Live boards / tournament organizers"]
[WhiteFullName "Vi&#269;as, Marijus"]

{ Event information: <a
href="https://www.irlchess.com/bunratty2019_allfiles/pairings_bunratty2019.html">Tournament
report</a>. }

1. e4 c6 2. d4 d5 3. e5 Bf5 4. Nf3 e6 5. Be2 Ne7 6. O-O Ng6 7. Nbd2 Nd7 8.
Nb3 f6 9. exf6 Qxf6 10. Re1 Be7 11. Bg5 Qf7 12. Qd2 h6 13. Bxe7 Qxe7 14. c4
O-O 15. cxd5 cxd5 16. Bd3 Qf7 17. Bxf5 Qxf5 18. Qe3 Rae8 19. Nbd2 Nf6 20.
Nf1 Ne4 21. Ng3 Nxg3 22. hxg3 Rf6 23. Qd2 Ref8 24. Re3 Ne7 25. Rae1 Nc6 26.
b4 a6 27. a4 g5 28. b5 axb5 29. axb5 Nd8 30. Re5 Qh7 31. R5e2 g4 32. Ne5 h5
33. b6 Kh8 34. Rc1 h4 35. Nxg4 hxg3 36. fxg3 Rg6 37. Ne5 Rh6 38. Nf3 Rxf3
39. gxf3 Rh1+ 40. Kf2 Rh2+ 41. Ke3 Rh3 42. Rg2 Nc6 43. Kf2 e5 44. dxe5 Nxe5
45. Rc8+ Kg7 46. Qg5+ 1-0

[Event "Bunratty Masters 2019"]
[Site "Bunratty IRL"]
[Date "2019.02.23"]
[Round "4.14"]
[White "Moynihan, Kieran"]
[Black "Miller, Ioana"]
[Result "1/2-1/2"]
[BlackTitle "WFM"]
[WhiteElo "2115"]
[BlackElo "2185"]
[WhiteICU "2112"]
[WhiteClub "C.C.Y.M.S."]
[BlackClub "T.C.D."]
[WhiteNationality "IRL"]
[BlackNationality "IRL"]
[WhiteFideId "2500663"]
[BlackFideId "1202260"]
[PlyCount "39"]
[EventDate "2019.02.22"]
[Source "Live boards / tournament organizers"]

{ Event information: <a
href="https://www.irlchess.com/bunratty2019_allfiles/pairings_bunratty2019.html">Tournament
report</a>. }

1. d4 Nf6 2. Bg5 e6 3. e4 h6 4. Bxf6 Qxf6 5. c3 g5 6. Bd3 Bg7 7. Ne2 d6 8.
O-O Qe7 9. f4 Nd7 10. Na3 a6 11. e5 Nb6 12. exd6 Qxd6 13. Qd2 Qe7 14. Rae1
Bd7 15. Nc2 O-O-O 16. b4 Nd5 17. c4 Nxf4 18. Nxf4 gxf4 19. Qxf4 Ba4 20.
Qxf7 1/2-1/2